000 01429nam a2200301Ia 4500
999 _c44976
_d44976
001 11797
003 GE_BSU
005 20240625112311.0
008 181216s2014||||ge |||||||||||||| ||geo||
020 _a978994192835
040 _cGE_BSU
041 _ageo
080 _a1(44)(092რუსო) რ–94
100 _aრუსო, ჟან ჟაკ
_922573
245 _aმსჯელობა მეცნიერებისა და ხელოვნების შესახებ /
_cჟან ჟაკ ; ფრანგ. თარგმნ. დოდო ლაბუჩიძე–ხოფერიამ.
250 _aI-ლი ქართული გამოცემა
264 _aთბილისი :
_bაგორა,
_c2014.
300 _a154 გვ. ;
_c17 სმ.
500 _a ქრონოლოგია : გვ. 131-152
504 _aბიბლიოგრ. : გვ. 153-155
653 _aმსჯელობა მეცნიერებისა და ხელოვნების შესახებ
653 _aფრანგი ფილოსოფოსები
653 _aრუსო, ჟან-ჟაკ
653 _aმეცნიერება
653 _aარქიტექტურა
700 _aლაბუჩიძე-ხოფერია, დ. (დოდო),
_eმთარგმნელი
_922574
942 _cBK
_2udc